000 00581nam a22002177a 4500
005 20251108172934.0
008 250721s2004 xx 000 0 ara d
082 1 4 _a913.565/وهي
100 1 _aوهيب، محمد
245 1 0 _aإكتشاف كهف الرقيم /
264 1 _aالزرقاء :
_bالمؤلفان،
_c2004.
300 _aج2.
650 1 7 _aالمزارات
650 1 7 _aالأضرحة
650 1 7 _aالآثار
650 1 7 _aالأردن
650 1 7 _aالسياحة
700 1 _aالعمايره، محمد
942 _2ddc
_cBK
999 _c92312
_d92312